The man who walked between the towers / (Record no. 7448)

MARC details
000 -LEADER
fixed length control field 00909nam a22002777a 4500
001 - CONTROL NUMBER
control field 7448
003 - CONTROL NUMBER IDENTIFIER
control field FISKH
005 - DATE AND TIME OF LATEST TRANSACTION
control field 20250716101638.0
008 - FIXED-LENGTH DATA ELEMENTS--GENERAL INFORMATION
fixed length control field 250716b cb ||||| |||| 00| 0 eng d
020 ## - INTERNATIONAL STANDARD BOOK NUMBER
International Standard Book Number 9780312368784
040 ## - CATALOGING SOURCE
Original cataloging agency FISKH
Language of cataloging eng
Transcribing agency FISKH
Modifying agency FISKH
050 ## - LIBRARY OF CONGRESS CALL NUMBER
Classification number GV551 .G47
082 ## - DEWEY DECIMAL CLASSIFICATION NUMBER
Classification number 791.34092
100 ## - MAIN ENTRY--PERSONAL NAME
Personal name Gerstein, Mordicai
245 ## - TITLE STATEMENT
Title The man who walked between the towers /
Statement of responsibility, etc. Mordicai Gerstein
250 ## - EDITION STATEMENT
Edition statement First Square Fish Edition : April 2007
260 ## - PUBLICATION, DISTRIBUTION, ETC.
Place of publication, distribution, etc. New York :
Name of publisher, distributor, etc. Roaring Brook Press,
Date of publication, distribution, etc. 2003
300 ## - PHYSICAL DESCRIPTION
Extent 36 unnumbered pages :
Other physical details color illustrations ;
Dimensions 28 cm
505 ## - FORMATTED CONTENTS NOTE
Formatted contents note P<br/>
520 ## - SUMMARY, ETC.
Summary, etc. A lyrical evocation of Philippe Petit's 1974 tightrope walk between the World Trade Center towers.<br/>
521 8# - TARGET AUDIENCE NOTE
Target audience note 640<br/>
Source Lexile AD <br/>
521 8# - TARGET AUDIENCE NOTE
Target audience note P<br/>
Source Raz-Plus<br/>
650 ## - SUBJECT ADDED ENTRY--TOPICAL TERM
Topical term or geographic name entry element Tightrope Walking
Form subdivision Trade Center
General subdivision Twin Towers World
942 ## - ADDED ENTRY ELEMENTS (KOHA)
Source of classification or shelving scheme Dewey Decimal Classification
Koha item type Books
Suppress in OPAC No
Holdings
Withdrawn status Lost status Source of classification or shelving scheme Damaged status Not for loan Collection Home library Current library Shelving location Date acquired Total Checkouts Full call number Barcode Date last seen Copy number Price effective from Koha item type
    Dewey Decimal Classification     Juvenile Fiction Footprints International School Library Network Toul Kork Campus Footprints International School Library Network Toul Kork Campus TK Primary Library Room(4th Floor), Bookcase 3&4, Shelves 17-32, Yellow Books 08/06/2025   GER 791.34092 GV551 .G47 FISTK03892 07/16/2025 1 07/16/2025 Books